000 01027pam a2200325 i 4500
001 10535043
003 ARRUPE
005 20140318115642.0
008 130724s2013 inu b 001 0 eng
010 _a 2013022545
020 _a9780268026165 (pbk. : alk. paper)
020 _a0268026165 (pbk. : alk. paper)
024 _a40022857462
035 _a(OCoLC)ocn841892502
035 _a(OCoLC)841892502
_z(OCoLC)841910596
035 _a(NNC)10535043
040 _aDLC
_beng
_erda
_cDLC
_dBTCTA
_dYDXCP
_dBDX
_dOCLCO
_dOCLCA
_dNhCcYBP
042 _apcc
050 0 0 _aB836.5
_b.D87 2013
082 0 0 _a190.9/034
_223
100 1 _aDupré, Louis K.,
_d1925-,
_eauthor.
_99128
245 1 4 _aThe quest of the absolute :
_bbirth and decline of European romanticism /
_cLouis Dupré.
300 _ax, 287 pages ;
_c23 cm
504 _aIncludes bibliographical references and index.
650 0 _aRomanticism.
_99129
942 _2lcc
_cMONOGRAPH
948 1 _a20131107
_bc
_cybp21
_dMPS
949 _i0073233412
999 _c120212
_d120212